[Event "Gorges op 29th"]
[Site "Gorges"]
[Date "2019.07.06"]
[Round "2"]
[White "Valdman, Andrei"]
[Black "Boucher, Daniel"]
[Result "1-0"]
[WhiteElo "1441"]
[BlackElo "1378"]
[PlyCount "131"]
[EventDate "2019.07.05"]
[EventType "swiss"]
[EventRounds "5"]
[EventCountry "FRA"]
[SourceTitle "EXT 2020"]
[Source "ChessBase"]
[SourceDate "2019.10.17"]
[SourceVersion "1"]
[SourceVersionDate "2019.10.17"]
[SourceQuality "1"]

1. e4 e5 2. Nf3 d6 3. d4 Be7 4. dxe5 Bg4 5. exd6 cxd6 6. Bb5+ Nc6 7. Nc3 Nf6 8. h3 Bh5 9. 0-0 0-0 10. Be2 Bg6 11. Bd3 h6 12. Re1 Ne5 13. Nd5 Nxf3+ 14. Qxf3 Nxd5 15. exd5 Bxd3 16. Qxd3 Bf6 17. c3 Qb6 18. Qg3 Kh7 19. b3 Qc5 20. Bb2 Qxd5 21. Rad1 Qc5 22. Qxd6 Qxd6 23. Rxd6 Rac8 24. Rd7 Rb8 25. Rb1 Kg8 26. c4 Bg5 27. Bd4 a6 28. Ba7 Rbd8 29. Rbd1 Rxd7 30. Rxd7 Rd8 31. Rxb7 Bf4 32. g3 Rd1+ 33. Kg2 Bc1 34. Rb8+ Kh7 35. Rb6 a5 36. Ra6 Rd8 37. Rxa5 Ra8 38. Bb6 Rb8 39. Rb5 Rb7 40. Be3 Rxb5 41. cxb5 Ba3 42. Bf4 Bc5 43. Bc7 Kg8 44. b6 Bxb6 45. Bxb6 Kf8 46. Kf3 Ke7 47. Ke4 Ke6 48. Kd4 Kd6 49. Kc4 Kc6 50. Bd4 g6 51. Kb4 f5 52. Ka5 Kb7 53. Be3 g5 54. Kb5 Kc7 55. a4 Kd6 56. a5 Ke5 57. f4+ Ke4 58. Bc1 g4 59. hxg4 fxg4 60. a6 Kf3 61. a7 Kxg3 62. a8Q h5 63. Qh1 h4 64. f5 h3 65. f6 Kf2 66. f7 1-0